000 00469nam a22001697a 4500
005 20230110142004.0
008 221217b |||||||| |||| 00| 0 eng d
020 _a978-93-88313-20-9
041 _aeng
082 _a615.1 WAH-L
100 _aWHALEN , KAREN
_97372
245 _aLIPPINCOTT 'S ILLUSTRATED REVIEWS PHARMACOLOGY
260 _aHARYANA
_bWOLTERS KLUWER HEALTH
_c2020
300 _a850;P. IND-I-10
650 _aPHARMACY
_xB.PHARMA
_97083
942 _cBK
999 _c8086
_d8084